000 00312nam a2200133Ia 4500
008 150201s2010 xx 000 0 und d
082 _a611
_bA10K
100 _aKHENA, ANU
245 _aSMART STUDY ANATOMY
260 _bELSEVIER
_aDELHI
_c2010
300 _a1-428
650 _aHUMAN ANATOMY
942 _2ddc
_cBK
_03
999 _c1287
_d1287